Castril Publicaciones Etnográficas. No. 1 - La Vivienda /

Detalles Bibliográficos
Autor principal: García-Fresneda Martínez, Ángeles, 1956- (Autor)
Formato: Electrónico eBook
Lenguaje:español
Publicado: Barcelona : Ediciones Carena, [2022]
Materias:
Acceso en línea:Digitalia Hispánica

MARC

LEADER 00000nam a2200000Ii 4500
001 DIGCAR0173
003 NyNyDIG
006 m o d
007 cr |||||||||||
008 250505s2022 sp ao o 000 0 spa d
035 |a (OCoLC)1519503342 
040 |a DGITA  |b eng  |e rda  |e pn  |c DGITA 
020 |z 9788419136343 
043 |a e-sp--- 
050 1 4 |a DP402.C4366 ebook 
100 1 |a García-Fresneda Martínez, Ángeles,  |d 1956-  |e author. 
245 1 0 |a Castril Publicaciones Etnográficas.  |n No. 1 - La Vivienda /  |c Ángeles García-Fresneda Martínez. 
246 3 0 |a Vivienda 
264 1 |a Barcelona :  |b Ediciones Carena,  |c [2022] 
300 |a 1 online resource :  |b illustrations, photographs. 
336 |a text  |b txt  |2 rdacontent 
337 |a computer  |b c  |2 rdamedia 
338 |a online resource  |b cr  |2 rdacarrier 
347 |a text file  |2 rdaft 
347 |b PDF 
588 0 |a Online resource; title from PDF title page (Digitalia, viewed May 5, 2025) 
650 0 |a Housing  |z Spain  |z Castril. 
651 0 |a Castril (Spain)  |x Pictorial works. 
791 2 |a Digitalia (Firm),  |e distributor. 
793 0 |g Digitalia eBook Collection:  |a Ediciones Carena 
776 0 8 |i Print version:  |a García-Fresneda Martínez, Ángeles, 1956-  |t Castril Publicaciones Etnográficas. No. 1 - La Vivienda.  |b Primera edición.  |d Barcelona : Ediciones Carena, [2022]  |z 9788419136343 
856 4 0 |3 Digitalia Hispánica  |u https://www.digitaliapublishing.com/a/172614/ 
910 |a Premium collection: 2025